Name a Valid Answer: Disney Princesses #1 - Statistics

General Stats
  • This quiz has been taken 761 times
    553 since last reset
  • The average score is 9 of 12
Answer Stats
Hint Answer % Correct
Friend of Ariel Flounder / Sebastian
93%
Disney Princess who lives in Asia Jasmine / Mulan
92%
Another name for Aurora Briar Rose / Sleeping Beauty
83%
Disney Princess who lives in America Pocahontas / Tiana
83%
Disney Princess who does not have a love interest Merida / Moana
81%
Disney Princess who transforms into/out of a human form Ariel / Tiana
79%
Princess whose story has been turned into a Broadway musical Ariel / Belle / Cinderella / Jasmine
75%
Disney Princess who has an eye color other than blue or brown Aurora / Belle / Rapunzel
72%
A sidekick of Mulan Cri-Kee / Khan / Mushu
67%
A stepsister of Cinderella Anastasia / Drizella
57%
Sleeping Beauty fairy godmother Flora / Fauna / Merriweather
48%
Another member of Pocahontas' tribe (other than the Chief) Kekata / Kocoum / Nakoma / Uttamatomakkin
25%
No matching quizzes found
Score Distribution
Percent of People with Each Score
Percentile by Number Answered
Your Score History
You have not taken this quiz since the last reset